01667nam a2200385 a 4500001001000000003000500010005001700015008004100032010001100073011001100084040000900095090001000104100003700114245013500151260004100286500006000327502011200387590004100499590004100540590004000581590004000621650004300661650002400704650005000728650004000778650003900818650003600857856007000893901000700963942001000970942000600980999001900986952014001005952013601145000108922CHAP20220329144030.0140320s2013 mx sm |||||||spa d a105384 a106356 cCHAP aTesis1 aMaldonado Moreno, Benita912601110aAnálisis de la competitividad de limón Persa en el municipio de Misantla, Veracruzh[En línea]cpor Benita Maldonado Moreno. aChapingo, Méx. :bEl autor,c2013. aPara ver el contenido del material haga clic en la liga aTesis (Ing. Agr. Esp. en Economía Agrícola) -- UACH. División de Ciencias Económico Administrativas aBATCH-UPDb05c20140324lUCH01h1537 aBATCH-UPDb05c20141002lUCH01h0858 aE6096MTMb05c20140320lUCH01h1057 aE6096MTMb05c20140320lUCH01h105814aAnálisis de costos y beneficio9596614aCompetencia.92609114aLimón persaxCostos de producción.96686714aLimón persaxProducción.96687214aLimón persaxRendimiento.96687314aLimón persazVeracruz.966879 aFinding aiduhttp://10.13.5.2/tesis/sist108922.pdfzTeclea aquí aBK cTESIS n0 c105384d105384 00102local4053708TESISaBCbBCcPA_TESISd2014-03-20fTESISl0oTesisp33724002356215r2019-12-31 00:00:00tc.2w2019-12-31yTESIS 00104054718TESISaBCbBCd2014-03-20fTESISl0oTesisp33724002356256r2019-12-31 00:00:00w2019-12-31yTESISzRecien adquirido